000 00664cam a22002171 4500
001 sa 65002832
003 DLC
005 20260227112119.0
008 801121s1963 ii f000 0 eng
010 _asa 65002832
035 _a(OCoLC)6965261
040 _aDLC
_cIU
_dDLC
042 _apremarc
043 _aa-ii---
050 0 0 _aHD2899
_b.A54
110 1 _aIndia.
_bDepartment of Company Law Administration.
245 0 0 _aReport of the commission of inquiry ;
_binquiry on the administration of Dalmia-Jain companies.
260 _a[Delhi,
_bManager of Publications,
_c1963]
300 _aix, 815 p.
_c24 cm.
650 0 _aCorporations
_zIndia
_vCase studies.
999 _c62842
_d62842